Oracle9i : the complete reference (Record no. 5671)

MARC details
000 -LEADER
fixed length control field 00445nam a2200145Ia 4500
003 - CONTROL NUMBER IDENTIFIER
control field SGT
020 ## - INTERNATIONAL STANDARD BOOK NUMBER
International Standard Book Number 9780070486782
082 ## - DEWEY DECIMAL CLASSIFICATION NUMBER
Classification number 005,7585,LON
245 ## - TITLE STATEMENT
Title Oracle9i : the complete reference
260 ## - PUBLICATION, DISTRIBUTION, ETC. (IMPRINT)
Name of publisher, distributor, etc Tata McGraw Hill Education Private Limited
Place of publication, distribution, etc New Delhi
Year of Publication 2002
300 ## - PAGE DESCRIPTION
No. of Pages 1268p.
650 ## - SUBJECT ADDED ENTRY--TOPICAL TERM
Topical term or geographic name as entry element COMPUTER SCIENCE
653 ## - KEYWORDS--INDEX TERM
Keyword term CRITICAL DATABASE CONCEPTS,SQL AND SQL PLUS PL/SQL,OBJECT-RELATIONAL DATABASES,JAVA IN ORACLE
942 ## - ADDED ENTRY ELEMENTS (KOHA)
Source of classification or shelving scheme Dewey Decimal Classification
Koha item type Books
Holdings
Withdrawn status Lost status Source of classification or shelving scheme Damaged status Not for loan Home library Current library Date acquired SGTU Total Checkouts Full call number Accession No. (Barcode) Date last seen Bill Date Koha item type
    Dewey Decimal Classification     SGT Engineering Library SGT Engineering Library 17/09/2013 SGTU   5.7585 LON FE6238 09/02/2015 09/02/2015 Books